Shakespeare's Comedies - Sudden Death - Statistics

General Stats
  • This quiz has been taken 137 times
  • The average score is 11 of 17
Answers on the Grid
Answers color-coded by a green-red scale on the quiz's grid according to % correct below.
All's Well That Ends Well
Antony and Cleopatra
As You Like It
The Comedy of Errors
Coriolanus
Cymbeline
Edward III
Hamlet
Henry IV
Henry V
Henry VI
Henry VIII
Julius Caesar
King John
King Lear
Love's Labour's Lost
Macbeth
Measure for Measure
The Merchant of Venice
The Merry Wives of Windsor
A Midsummer Night's Dream
Much Ado About Nothing
Othello
Pericles, Prince of Tyre
Richard II
Richard III
Romeo and Juliet
The Taming of the Shrew
The Tempest
Timon of Athens
Titus Andronicus
Troilus and Cressida
Twelfth Night
The Two Gentlemen of Verona
The Two Noble Kinsman
The Winter's Tale
 
Answer Stats
Answer % Correct
All's Well That Ends Well
91%
The Comedy of Errors
87%
As You Like It
85%
Much Ado About Nothing
80%
A Midsummer Night's Dream
79%
Love's Labour's Lost
77%
The Merry Wives of Windsor
77%
The Taming of the Shrew
77%
Measure for Measure
70%
The Two Gentlemen of Verona
68%
Twelfth Night
67%
The Winter's Tale
59%
The Merchant of Venice
53%
The Tempest
49%
The Two Noble Kinsman
47%
Cymbeline
38%
Pericles, Prince of Tyre
21%
No matching quizzes found
Score Distribution
Percent of People with Each Score
Percentile by Number Answered
Your Score History
You have not taken this quiz